Statistics for Capitals of Equatorial Countries

Click here to take the quiz!

General Stats

  • This quiz has been taken 76 times
    (43 since last reset)
  • The average score is 8 of 11

Answer Stats

CountryCapital% Correct
BrazilBrasilia
95%
IndonesiaJakarta
93%
EcuatorQuito
88%
Democratic Republic of the CongoKinshasa
85%
KenyaNairobi
83%
ColombiaBogota
78%
Republic of the CongoBrazzaville
65%
UgandaKampala
63%
SomaliaMogadishu
63%
GabonLibreville
53%
São Tomé and PríncipeSão Tomé
43%

Score Distribution

Percentile by Number Answered

Percent of People with Each Score

Your Score History

You have not taken this quiz since the last reset